Islam and Politics in Central Asia. (Record no. 12721)

MARC details
000 -LEADER
fixed length control field 00608nam a2200241 a 4500
020 ## - INTERNATIONAL STANDARD BOOK NUMBER
ISBN 0333376
082 00 - DEWEY DECIMAL CLASSIFICATION NUMBER
Classification number 297.0958
Author Cutter HAG
100 ## - MAIN ENTRY--AUTHOR NAME
Author name Haghayedhi, Mehrdad
245 ## - TITLE STATEMENT
Title Islam and Politics in Central Asia.
260 ## - PUBLICATION, DISTRIBUTION, ETC. (IMPRINT)
Place of publication London
Name of publisher Macmillan Press
Year of publication 1997
300 ## - PHYSICAL DESCRIPTION
Number of Pages 263p.
500 ## - GENERAL NOTE
General note includes index and biblioraphy
505 2# - FORMATTED CONTENTS NOTE
Formatted contents note Index
650 ## - SUBJECT ADDED ENTRY--TOPICAL TERM
Topical Term Islam-Central Asia
942 ## - ADDED ENTRY ELEMENTS (KOHA)
Koha item type Books
700 1# -
-- Haghayedhi, Mehrdad
Holdings
Collection code Home library Current library Date acquired Cost, normal purchase price Full call number Accession Number Koha item type
  Henry Martyn Institute Library Henry Martyn Institute Library 07/26/2007 12.00 297.0958 HAG 017591 Books
                   Copyright © 2026 | Henry Martyn Institute | Hyderabad | TS-500052 | INDIA | Implemented by hmi.edu.in
Hit-Count:

Powered by Koha